Oxford Colleges on a Map - Statistics

General Stats
  • This quiz has been taken 151 times
  • The average score is 21 of 43
Answers on the Map
Answers color-coded by a green-red scale on the quiz's map according to % correct below.
 
Answer Stats
Answer
% Correct
College Magdalen College
74%
College Christ Church
72%
College Balliol College
71%
College New College
71%
College The Queen's College
70%
College Jesus College
68%
College St John's College
68%
College Trinity College
65%
College Corpus Christi College
59%
College Brasenose College
58%
College Merton College
57%
College St Catherine's College
57%
College All Souls College
56%
College Pembroke College
56%
College University College
56%
College Exeter College
55%
College Oriel College
53%
College Keble College
52%
College St Peter's College
52%
College Lady Margaret Hall
51%
College St Hilda's College
50%
College Worcester College
50%
College Wadham College
49%
College St Anne's College
46%
College St Edmund Hall
46%
College Hertford College
45%
College Somerville College
45%
College Lincoln College
44%
College Wolfson College
42%
College St Hugh's College
40%
College St Antony's College
39%
College Mansfield College
38%
College Nuffield College
38%
College St Cross College
38%
College Green Templeton College
35%
College Kellogg College
34%
College Linacre College
34%
Permanent Private Hall Blackfriars Hall
31%
College Harris Manchester College
31%
College Reuben College
30%
Permanent Private Hall Regent's Park College
27%
Permanent Private Hall Wycliffe Hall
27%
Permanent Private Hall Campion Hall
21%
No matching quizzes found
Score Distribution
Percent of People with Each Score
Percentile by Number Answered
Your Score History
You have not taken this quiz